| 000 | 00899cam a2200241 a 4500 | ||
|---|---|---|---|
| 001 | 000601198 | ||
| 003 | AM-YeHGA | ||
| 005 | 20250617141935.0 | ||
| 008 | 820224s1982 nyua b 001 0 eng d | ||
| 020 | _a0120442809 | ||
| 040 | _aAM-YeHGA | ||
| 041 | 0 | _aeng | |
| 245 | 0 | 0 |
_aCross-cultural research at issue / _cEd. by Leonore Loeb Adler. |
| 260 |
_aNew York : _bAcademic Press, _c1982. |
||
| 300 |
_axviii, 373 p. : _bill. ; _c24 cm. |
||
| 500 | _a"A continuation or a follow-up of many of the studies that were presented ... in the Annals of the New York Academy of Sciences (1977, volume 285, pp. 753) under the title, Issues in cross-cultural research" - Pref. | ||
| 504 | _aIncludes bibliogr. and index. | ||
| 650 | 0 | _aCross-cultural studies. | |
| 650 | 0 | _aEthnopsychology. | |
| 700 | 1 |
_aAdler, Leonore Loeb. _4edt |
|
| 730 | 0 | _aIssues in cross-cultural research. | |
| 090 | _c249623 | ||
| 999 |
_c248032 _d248032 |
||